000 00465nam a2200157Ia 4500
008 210716s2003 xx 000 0 und d
020 _a8175152761
041 _aeng
082 _a153.94004 JAIS
100 _aJaiswal, S.
245 _aGate computer science: graduate Aptitude test in engineering.
_bGraduate aptitude test in engineering.
250 _a1
260 _aNew Delhi
_bGalgotia Publications Pvt Ltd
_c2003
300 _a880
650 _aAptitude Test
999 _c186072
_d186072